[Event "Champions Showdown (rapid) 2019"]
[Site "Saint Louis USA"]
[Date "2019.02.22"]
[Round "9"]
[White "Harikrishna, Pentala"]
[Black "Caruana, Fabiano"]
[Result "1-0"]
[WhiteElo "2726"]
[BlackElo "2828"]
[PlyCount "123"]
[EventDate "2019.02.20"]

1. d4 Nf6 2. Nf3 d5 3. c4 e6 4. Nc3 Be7 5. Bf4 O-O 6. e3 c5 7. dxc5 Bxc5 8.
cxd5 Nxd5 9. Nxd5 exd5 10. Bd3 Bb4+ 11. Nd2 Nc6 12. O-O d4 13. Nf3 dxe3 14.
Bxe3 h6 15. a3 Bd6 16. h3 Qf6 17. b4 Re8 18. Re1 Be6 19. Bh7+ Kxh7 20. Qxd6
Rad8 21. Qf4 Qxf4 22. Bxf4 Rd3 23. b5 Na5 24. a4 Rc8 25. Be3 b6 26. Rec1 Rxc1+
27. Rxc1 Nc4 28. Nd4 Bd5 29. Nc6 Nxe3 30. fxe3 Rd2 31. g4 Rg2+ 32. Kf1 Ra2 33.
Nxa7 Bg2+ 34. Kg1 Bxh3 35. Rc4 f5 36. gxf5 Bxf5 37. Nc6 Bd3 38. Rd4 Bc2 39. a5
bxa5 40. b6 Rb2 41. Nb4 a4 42. b7 a3 43. b8=Q a2 44. Qa7 Rb1+ 45. Kf2 a1=Q 46.
Qxa1 Rxa1 47. Nxc2 Ra2 48. Rc4 g5 49. Rc6 h5 50. Kf3 Kg7 51. Nd4 Kf7 52. Rh6 h4
53. Nf5 Ra4 54. e4 Ra1 55. e5 Re1 56. Rf6+ Ke8 57. e6 h3 58. e7 h2 59. Rf8+ Kd7
60. Rd8+ Kc7 61. Rh8 Rf1+ 62. Ke2 1-0

[Event "Champions Showdown (rapid) 2019"]
[Site "Saint Louis USA"]
[Date "2019.02.22"]
[Round "9"]
[White "Duda, Jan-Krzysztof"]
[Black "Nakamura, Hikaru"]
[Result "1-0"]
[WhiteElo "2731"]
[BlackElo "2749"]
[PlyCount "87"]
[EventDate "2019.02.20"]

1. e4 e5 2. Nf3 Nc6 3. Bb5 Nf6 4. d3 Bc5 5. c3 d5 6. exd5 Qxd5 7. Bc4 Qd6 8.
O-O Bb6 9. b3 Bg4 10. Ba3 Qd7 11. Nbd2 O-O-O 12. Qc2 Rhe8 13. Rae1 Nh5 14. Ng5
Nf4 15. Nxf7 Bh5 16. Nxd8 Qg4 17. Bd5 Rxd8 18. Bf3 Qg6 19. Be4 Qg4 20. Nc4 Bg6
21. Nxb6+ axb6 22. f3 Qg5 23. Bc1 Qh5 24. Bxf4 exf4 25. d4 Ne7 26. Qc1 Qg5 27.
Qa3 Bxe4 28. Rxe4 Nf5 29. Qa8+ Kd7 30. Qa4+ Kc8 31. Re8 Kb8 32. Qd7 Rxe8 33.
Qxe8+ Ka7 34. Qa4+ Kb8 35. Qe8+ Ka7 36. Qe5 g6 37. a4 Kb8 38. Ra1 Qd8 39. a5 b5
40. Qxb5 Qe7 41. a6 Qe3+ 42. Kh1 Nd6 43. Qe5 Qxc3 44. a7+ 1-0

[Event "Champions Showdown (rapid) 2019"]
[Site "Saint Louis USA"]
[Date "2019.02.22"]
[Round "9"]
[White "Navara, David"]
[Black "So, Wesley"]
[Result "0-1"]
[WhiteElo "2738"]
[BlackElo "2765"]
[PlyCount "88"]
[EventDate "2019.02.20"]

1. d4 Nf6 2. c4 e6 3. Nc3 Bb4 4. Nf3 c5 5. g3 cxd4 6. Nxd4 O-O 7. Bg2 d5 8. O-O
dxc4 9. Ndb5 Nc6 10. Qa4 Bd7 11. Rd1 Qa5 12. Qxa5 Nxa5 13. Be3 Bxc3 14. Nxc3
Bc6 15. Bxc6 Nxc6 16. Rac1 Rfd8 17. Bg5 h6 18. Bxf6 gxf6 19. Ne4 f5 20. Nd6 Na5
21. Rd2 b5 22. Rcd1 Rdb8 23. e4 fxe4 24. Nxe4 Nc6 25. Rd7 Rd8 26. R1d6 Rxd7 27.
Rxd7 Ne5 28. Rc7 a6 29. Nc5 Rd8 30. Nxa6 Rd2 31. Rc5 Nf3+ 32. Kg2 Ne1+ 33. Kf1
Nd3 34. Rxb5 Rxf2+ 35. Kg1 Rd2 36. Nc5 Nxb2 37. Ne4 Re2 38. Nc3 Rc2 39. a4 Nd3
40. Ne4 c3 41. Rb8+ Kg7 42. Rc8 Rc1+ 43. Kg2 c2 44. Nc5 Rg1+ 0-1

[Event "Champions Showdown (rapid) 2019"]
[Site "Saint Louis USA"]
[Date "2019.02.22"]
[Round "9"]
[White "Topalov, Veselin"]
[Black "Dominguez Perez, Leinier"]
[Result "1-0"]
[WhiteElo "2740"]
[BlackElo "2739"]
[PlyCount "121"]
[EventDate "2019.02.20"]

1. e4 e5 2. Bc4 Nf6 3. Nc3 Nxe4 4. Qh5 Nd6 5. Bb3 Be7 6. Qxe5 O-O 7. Nf3 Ne8 8.
d4 Nf6 9. O-O Nc6 10. Qf4 d5 11. Ne5 Na5 12. Re1 c6 13. Qg3 Bf5 14. Re2 Ne4 15.
Nxe4 Bxe4 16. Bf4 Bh4 17. Qg4 Nxb3 18. axb3 Be7 19. Rae1 Bd6 20. f3 Bg6 21. h4
Bxe5 22. Rxe5 Qc8 23. Qg3 h5 24. Kh2 Kh7 25. Re7 Qf5 26. R1e2 f6 27. Rxb7 Rfe8
28. Rd2 a5 29. Bd6 a4 30. bxa4 Rxa4 31. Qf4 Qxf4+ 32. Bxf4 Ra1 33. Kg3 Rae1 34.
Kf2 Rh1 35. Bg3 Bf5 36. Rc7 Re6 37. Re2 Rxe2+ 38. Kxe2 Rc1 39. Rxc6 Rxc2+ 40.
Rxc2 Bxc2 41. Kd2 Bf5 42. Kc3 Kg8 43. Kb4 Kf7 44. Kc5 Ke8 45. b4 Kd7 46. Bd6
Bd3 47. Bf8 g6 48. Bg7 Bf1 49. g4 hxg4 50. fxg4 Be2 51. Bxf6 Bxg4 52. b5 Be2
53. b6 Bc4 54. Bg5 Ba6 55. Kxd5 Bb7+ 56. Ke5 Bf3 57. d5 Bg2 58. Bf4 Kc8 59. Ke6
Kb7 60. d6 Bh3+ 61. Ke7 1-0

[Event "Champions Showdown (rapid) 2019"]
[Site "Saint Louis USA"]
[Date "2019.02.22"]
[Round "9"]
[White "Rapport, Richard"]
[Black "Shankland, Samuel"]
[Result "0-1"]
[WhiteElo "2735"]
[BlackElo "2731"]
[PlyCount "98"]
[EventDate "2019.02.20"]

1. d4 Nf6 2. Nf3 d5 3. c3 c5 4. dxc5 e6 5. Be3 Be7 6. g3 O-O 7. Bg2 a5 8. O-O
Na6 9. c4 dxc4 10. Na3 Nd5 11. Bd4 f6 12. e4 Ndb4 13. e5 Nd3 14. exf6 Bxf6 15.
Bxf6 Qxf6 16. Nxc4 Naxc5 17. Qe2 Bd7 18. Nb6 Rad8 19. Nxd7 Rxd7 20. Rad1 Rfd8
21. b3 a4 22. bxa4 Nxa4 23. Rd2 b5 24. h4 h6 25. Qe3 e5 26. h5 Qf5 27. Nh4 Qf6
28. Bh3 Rd4 29. Nf5 R4d5 30. Rc2 Nac5 31. Rb1 b4 32. Rxb4 Nxb4 33. Rxc5 Rxc5
34. Qxc5 Nd3 35. Qc7 Kh8 36. Qe7 Ra8 37. Qxf6 gxf6 38. Bf1 e4 39. Nd6 f5 40. f3
Rxa2 41. fxe4 Ne1 42. Bc4 Nf3+ 43. Kf1 Nd2+ 44. Ke1 Nxc4 45. Nxc4 fxe4 46. Nd2
Ra3 47. Nf1 Kg7 48. Ke2 Kf6 49. Nd2 Kf5 0-1

[Event "Champions Showdown (rapid) 2019"]
[Site "Saint Louis USA"]
[Date "2019.02.22"]
[Round "10"]
[White "Caruana, Fabiano"]
[Black "Harikrishna, Pentala"]
[Result "1-0"]
[WhiteElo "2828"]
[BlackElo "2726"]
[PlyCount "157"]
[EventDate "2019.02.20"]

1. e4 e5 2. Nf3 Nc6 3. Bb5 Nf6 4. d3 Bc5 5. Bxc6 dxc6 6. Nbd2 Be6 7. Qe2 Nd7 8.
Nb3 Be7 9. Na5 Bb4+ 10. Bd2 Bxa5 11. Bxa5 c5 12. O-O O-O 13. Bc3 f6 14. Nh4 Nb8
15. Qe3 b6 16. f4 exf4 17. Rxf4 Nc6 18. Raf1 Nd4 19. R4f2 Qd7 20. b3 a5 21. a4
Rad8 22. h3 Nxc2 23. Rxc2 Qxd3 24. Qf2 Qxe4 25. Re2 Qc6 26. Qg3 Qd6 27. Rf4 Rf7
28. Kh2 g5 29. Rd2 Qxf4 30. Qxf4 gxf4 31. Rxd8+ Rf8 32. Bxf6 Bxb3 33. Nf5 Rxd8
34. Bxd8 Bc2 35. g4 fxg3+ 36. Nxg3 Bxa4 37. Bxc7 b5 38. Bxa5 Bc2 39. Bb6 c4 40.
Ba5 Kf7 41. Ne2 Bf5 42. Kg3 Bd7 43. h4 Kg6 44. Nd4 Kh5 45. Nf3 Be6 46. Ne5 Bc8
47. Be1 Be6 48. Nc6 Bd7 49. Nb4 Bf5 50. Nd5 Bc8 51. Nf4+ Kh6 52. Bc3 Bb7 53.
Kf2 Bc8 54. Ke3 Bd7 55. Kd2 Bf5 56. Kc1 b4 57. Bxb4 Kg7 58. Kd2 Kf6 59. Bc3+
Kf7 60. Be5 c3+ 61. Kxc3 Ke7 62. Kd4 Kf7 63. Bc7 Kf6 64. Bd8+ Kf7 65. Ke5 Bc2
66. Ne2 Bd3 67. Nd4 Bc4 68. Nf5 Bb3 69. Kf4 Kg6 70. Ne7+ Kf7 71. Nc6 Bd5 72.
Ne5+ Ke6 73. Ba5 Kf6 74. Bc3 Bb3 75. h5 Bd1 76. Ng4+ Kf7 77. Kg5 Be2 78. Nf6
Kg7 79. h6+ 1-0

[Event "Champions Showdown (rapid) 2019"]
[Site "Saint Louis USA"]
[Date "2019.02.22"]
[Round "10"]
[White "Nakamura, Hikaru"]
[Black "Duda, Jan-Krzysztof"]
[Result "1-0"]
[WhiteElo "2749"]
[BlackElo "2731"]
[PlyCount "65"]
[EventDate "2019.02.20"]

1. e4 e5 2. Nf3 Nf6 3. d4 Nxe4 4. Bd3 Nc6 5. Nxe5 Nxe5 6. dxe5 d5 7. exd6 Nxd6
8. O-O Be7 9. Nc3 O-O 10. Nd5 Bf5 11. Bf4 Bg6 12. c4 b6 13. Re1 Re8 14. Bxg6
hxg6 15. Qa4 Bf6 16. Qc6 Bxb2 17. Rad1 Ba3 18. Ne7+ Kf8 19. Bg5 f6 20. Nxg6+
Kg8 21. Be3 Bb4 22. Rf1 Qc8 23. Nf4 Nf7 24. c5 Bxc5 25. Bxc5 bxc5 26. Nd5 Re5
27. Qxc5 Qg4 28. Qxc7 Ng5 29. Rd3 Rxd5 30. Rxd5 Nh3+ 31. Kh1 Nf4 32. Rd8+ Kh7
33. Qc2+ 1-0

[Event "Champions Showdown (rapid) 2019"]
[Site "Saint Louis USA"]
[Date "2019.02.22"]
[Round "10"]
[White "So, Wesley"]
[Black "Navara, David"]
[Result "1/2-1/2"]
[WhiteElo "2765"]
[BlackElo "2738"]
[PlyCount "104"]
[EventDate "2019.02.20"]

1. Nf3 Nf6 2. c4 e6 3. Nc3 d5 4. d4 c5 5. cxd5 Nxd5 6. g3 cxd4 7. Nxd5 Qxd5 8.
Qxd4 Qb5 9. e4 Qb4+ 10. Bd2 Nc6 11. Qxb4 Bxb4 12. a3 Bxd2+ 13. Kxd2 e5 14. Bb5
Bd7 15. Ke3 f6 16. Rac1 Ke7 17. Rc3 a6 18. Bc4 Rhc8 19. Rhc1 Na7 20. Nd2 Nb5
21. Bxb5 Rxc3+ 22. Rxc3 axb5 23. f4 b4 24. axb4 Ra4 25. fxe5 fxe5 26. Rc4 b5
27. b3 Ra3 28. Rc5 Kf6 29. Rd5 Ke6 30. Kd3 g5 31. g4 Ra1 32. Nf3 Rd1+ 33. Ke3
Rxd5 34. Nxg5+ Kd6 35. exd5 Bxg4 36. Nxh7 Bd1 37. Nf6 Bxb3 38. h4 Ke7 39. Ng8+
Kf8 40. Ke4 Kxg8 41. Kxe5 Kf7 42. Kd6 Ke8 43. h5 Kd8 44. Kc5 Bc4 45. Kd4 Bb3
46. h6 Bc2 47. Kc5 Bd3 48. Kc6 Kc8 49. d6 Kd8 50. d7 Be4+ 51. Kxb5 Kxd7 52. Kb6
Ke6 1/2-1/2

[Event "Champions Showdown (rapid) 2019"]
[Site "Saint Louis USA"]
[Date "2019.02.22"]
[Round "10"]
[White "Dominguez Perez, Leinier"]
[Black "Topalov, Veselin"]
[Result "1/2-1/2"]
[WhiteElo "2739"]
[BlackElo "2740"]
[PlyCount "79"]
[EventDate "2019.02.20"]

1. e4 e5 2. Nf3 Nc6 3. Bb5 Nf6 4. d3 Bc5 5. O-O d6 6. Nc3 O-O 7. Na4 Bb6 8. c3
h6 9. Nxb6 axb6 10. Re1 Re8 11. h3 Bd7 12. Ba4 Ne7 13. Bc2 Ng6 14. d4 b5 15.
Bd2 b6 16. Nh2 d5 17. dxe5 Rxe5 18. exd5 Rxd5 19. Nf3 c5 20. Qb1 Nh4 21. Nxh4
Rxd2 22. Qc1 Be6 23. Nf3 Rd6 24. a3 Nd5 25. Be4 Qf6 26. Qc2 Rad8 27. Rad1 Nf4
28. Rxd6 Rxd6 29. Rd1 Bc4 30. Rxd6 Qxd6 31. Qd2 Qxd2 32. Nxd2 Bd3 33. Bc6 Kf8
34. h4 Ke7 35. g3 Ng6 36. f4 Kd6 37. Be8 Ke7 38. Bc6 Kd6 39. Be8 Ke7 40. Bc6
1/2-1/2

[Event "Champions Showdown (rapid) 2019"]
[Site "Saint Louis USA"]
[Date "2019.02.22"]
[Round "10"]
[White "Shankland, Samuel"]
[Black "Rapport, Richard"]
[Result "0-1"]
[WhiteElo "2731"]
[BlackElo "2735"]
[PlyCount "90"]
[EventDate "2019.02.20"]

1. e4 e6 2. d4 d5 3. Nc3 dxe4 4. Nxe4 Bd7 5. Nf3 Bc6 6. Bd3 Nd7 7. O-O Ngf6 8.
Ned2 Be7 9. c4 O-O 10. b3 a5 11. Bb2 a4 12. Qc2 Bxf3 13. Nxf3 c6 14. Bc3 axb3
15. axb3 Qc7 16. Ne5 g6 17. f4 b5 18. Qe2 bxc4 19. bxc4 Rxa1 20. Rxa1 c5 21.
Kh1 cxd4 22. Bxd4 Bc5 23. Bc3 Rb8 24. Rd1 Bf8 25. Bc2 Ra8 26. h3 Bg7 27. Kh2
Nc5 28. Bd4 Nh5 29. Qf3 Rc8 30. g3 Nf6 31. Qe3 Ncd7 32. Bd3 Ra8 33. Rd2 Bf8 34.
Bf1 Ra3 35. Qe1 Qa5 36. Qe2 Ne4 37. Qxe4 Qxd2+ 38. Bg2 Bg7 39. Nxd7 Qxd4 40.
Qb7 h5 41. Qb8+ Kh7 42. Nf8+ Kh6 43. g4 hxg4 44. hxg4 g5 45. Qb5 Qxf4+ 0-1

[Event "Champions Showdown (rapid) 2019"]
[Site "Saint Louis USA"]
[Date "2019.02.22"]
[Round "11"]
[White "Harikrishna, Pentala"]
[Black "Caruana, Fabiano"]
[Result "1/2-1/2"]
[WhiteElo "2726"]
[BlackElo "2828"]
[PlyCount "63"]
[EventDate "2019.02.20"]

1. Nf3 d5 2. e3 Nf6 3. c4 e6 4. b3 Be7 5. Bb2 O-O 6. Nc3 c5 7. cxd5 Nxd5 8.
Nxd5 exd5 9. Be2 Nc6 10. d4 b6 11. O-O a5 12. Rc1 Qd6 13. Qd2 Rd8 14. Rfd1 Qg6
15. dxc5 bxc5 16. Ne5 Nxe5 17. Bxe5 Bf5 18. Bf3 a4 19. Qc3 axb3 20. axb3 Be4
21. Bxe4 dxe4 22. Rxd8+ Rxd8 23. Qc4 Qf5 24. Bc3 h6 25. b4 cxb4 26. Bxb4 Bxb4
27. Qxb4 Rc8 28. Rxc8+ Qxc8 29. h3 Qc1+ 30. Kh2 Qc7+ 31. Kg1 Qc1+ 32. Kh2
1/2-1/2

[Event "Champions Showdown (rapid) 2019"]
[Site "Saint Louis USA"]
[Date "2019.02.22"]
[Round "11"]
[White "Duda, Jan-Krzysztof"]
[Black "Nakamura, Hikaru"]
[Result "1/2-1/2"]
[WhiteElo "2731"]
[BlackElo "2749"]
[PlyCount "149"]
[EventDate "2019.02.20"]

1. c4 Nf6 2. Nf3 e6 3. g3 d5 4. b3 d4 5. Bg2 c5 6. e3 Nc6 7. exd4 cxd4 8. O-O
Be7 9. d3 Nd7 10. Na3 O-O 11. Nc2 e5 12. Rb1 a5 13. a3 Nc5 14. b4 axb4 15. axb4
Na4 16. Bd2 f6 17. Nh4 g5 18. Nf3 Bf5 19. b5 Nb8 20. Nfxd4 exd4 21. Bxb7 Ra7
22. Bd5+ Kh8 23. Nxd4 Bh3 24. Qh5 Bxf1 25. Kxf1 Qe8 26. Qf3 Nb6 27. Be4 Bc5 28.
Nb3 Ra2 29. Qf5 Qe7 30. Be1 Ba3 31. c5 Na4 32. c6 Nc5 33. Bc3 Nxb3 34. Rxb3 Bc5
35. d4 Bd6 36. b6 Nxc6 37. Bxc6 Qe2+ 38. Kg2 Bf4 39. Bb2 Rxb2 40. Rxb2 Qxb2 41.
Be4 Rf7 42. Qe6 Qxd4 43. gxf4 Qb4 44. b7 Rf8 45. b8=Q Qxb8 46. Qe7 f5 47. Bd5
Qd8 48. Qe5+ Qf6 49. Qxf6+ Rxf6 50. fxg5 Rd6 51. Bf3 h6 52. gxh6 Kh7 53. Kg3
Rd4 54. h4 Kxh6 55. Be2 Kg6 56. f4 Rb4 57. h5+ Kf6 58. Bd1 Rb1 59. Bf3 Rb3 60.
Kf2 Rb8 61. Kg3 Rg8+ 62. Kf2 Ke7 63. Bd1 Rg7 64. Be2 Kf6 65. Bf3 Ra7 66. Bd5
Ra3 67. Bf3 Ke7 68. Kg3 Kd7 69. h6 Ra6 70. Kh4 Rxh6+ 71. Kg5 Rh3 72. Bd5 Rd3
73. Bf7 Rd4 74. Kxf5 Rxf4+ 75. Kxf4 1/2-1/2

[Event "Champions Showdown (rapid) 2019"]
[Site "Saint Louis USA"]
[Date "2019.02.22"]
[Round "11"]
[White "Navara, David"]
[Black "So, Wesley"]
[Result "1-0"]
[WhiteElo "2738"]
[BlackElo "2765"]
[PlyCount "105"]
[EventDate "2019.02.20"]

1. c4 Nf6 2. Nc3 e5 3. g3 Bb4 4. Bg2 O-O 5. e4 Bxc3 6. bxc3 Re8 7. d3 h6 8. Ne2
c6 9. O-O d5 10. exd5 cxd5 11. cxd5 Nxd5 12. Qb3 Nb6 13. c4 Nc6 14. Be3 Bg4 15.
Rfe1 Qd7 16. Rab1 Rad8 17. c5 Nd5 18. Qxb7 Qxb7 19. Rxb7 Ncb4 20. Nc3 Nxe3 21.
Rxe3 Nc2 22. Bd5 Nxe3 23. Bxf7+ Kf8 24. Bxe8 Kxe8 25. fxe3 Rxd3 26. Rxg7 Bh3
27. Ne4 Rxe3 28. Nd6+ Kf8 29. Rf7+ Kg8 30. Kf2 Ra3 31. c6 Rxa2+ 32. Ke3 Ra3+
33. Ke4 Bg2+ 34. Kxe5 Bxc6 35. Rc7 Ra5+ 36. Kf6 Ra6 37. Rc8+ Kh7 38. Rc7+ Kg8
39. Rg7+ Kf8 40. Rf7+ Kg8 41. Rg7+ Kf8 42. Rh7 Bd5 43. Ke5 Bg8 44. Rxh6 Ra5+
45. Kf6 Ra2 46. Kg5 a5 47. Nf5 a4 48. Rh8 Rb2 49. Nh6 Rb5+ 50. Kh4 Kg7 51.
Rxg8+ Kxh6 52. Ra8 a3 53. Ra6+ 1-0

[Event "Champions Showdown (rapid) 2019"]
[Site "Saint Louis USA"]
[Date "2019.02.22"]
[Round "11"]
[White "Topalov, Veselin"]
[Black "Dominguez Perez, Leinier"]
[Result "1-0"]
[WhiteElo "2740"]
[BlackElo "2739"]
[PlyCount "97"]
[EventDate "2019.02.20"]

1. e4 e5 2. Bc4 Nf6 3. Nc3 Nxe4 4. Qh5 Nd6 5. Bb3 Be7 6. Qxe5 O-O 7. Nf3 Ne8 8.
d4 Nf6 9. O-O Nc6 10. Qf4 d5 11. Ne5 Na5 12. Re1 c6 13. Qf3 Nxb3 14. axb3 Ne8
15. Bf4 Nd6 16. Ne2 Bf5 17. Nxc6 bxc6 18. Bxd6 Bxc2 19. Bxe7 Qxe7 20. Qc3 Bg6
21. Qxc6 Rfe8 22. h3 Rac8 23. Qxd5 Red8 24. Qa5 Qf6 25. Rac1 Rb8 26. Rc3 a6 27.
Re3 h6 28. Rc1 Kh7 29. Rc5 Rd7 30. Qc3 Rdd8 31. d5 Qf5 32. Nd4 Qb1+ 33. Re1 Qd3
34. Nc6 Qxc3 35. Rxc3 Re8 36. Rxe8 Rxe8 37. Re3 Rc8 38. g4 f6 39. Re7 Be8 40.
Nd4 Kg8 41. d6 Rd8 42. Rxg7+ Kxg7 43. Ne6+ Kg6 44. Nxd8 Bb5 45. Ne6 Kf7 46. Nc7
Bd3 47. b4 f5 48. Kg2 Kf6 49. Nd5+ 1-0

[Event "Champions Showdown (rapid) 2019"]
[Site "Saint Louis USA"]
[Date "2019.02.22"]
[Round "11"]
[White "Rapport, Richard"]
[Black "Shankland, Samuel"]
[Result "1-0"]
[WhiteElo "2735"]
[BlackElo "2731"]
[PlyCount "99"]
[EventDate "2019.02.20"]

1. d4 Nf6 2. Nf3 b6 3. Bg5 e6 4. e3 Bb7 5. c3 Be7 6. Nbd2 c5 7. Bd3 O-O 8. Qb1
h6 9. h4 cxd4 10. exd4 Nd5 11. Nc4 d6 12. a4 f5 13. Bd2 Nd7 14. h5 Rc8 15. Qd1
N7f6 16. Nh4 Ne4 17. Ng6 Nxd2 18. Qxd2 Bg5 19. f4 Nxf4 20. Nxf4 e5 21. dxe5
dxe5 22. Nxe5 Qe7 23. O-O Qxe5 24. Rae1 Qc5+ 25. Qe3 Qxe3+ 26. Rxe3 Bc6 27. Re5
Bxa4 28. Ng6 Rf7 29. Ra1 Bb3 30. Ra3 Bf6 31. Rxb3 Bxe5 32. Nxe5 Rf6 33. Rb5 Rd8
34. Bc4+ Kh7 35. Ng6 Rd2 36. Re5 Rxg6 37. hxg6+ Kxg6 38. Re2 Rxe2 39. Bxe2 Kf6
40. b4 a5 41. bxa5 bxa5 42. Bd1 g5 43. Kf2 g4 44. Ke3 Kg5 45. g3 h5 46. c4 h4
47. gxh4+ Kxh4 48. c5 Kg3 49. c6 f4+ 50. Ke4 1-0

[Event "Champions Showdown (rapid) 2019"]
[Site "Saint Louis USA"]
[Date "2019.02.22"]
[Round "12"]
[White "Caruana, Fabiano"]
[Black "Harikrishna, Pentala"]
[Result "1/2-1/2"]
[WhiteElo "2828"]
[BlackElo "2726"]
[PlyCount "185"]
[EventDate "2019.02.20"]

1. c4 Nf6 2. Nc3 e5 3. Nf3 Nc6 4. e3 Bb4 5. Qc2 Bxc3 6. Qxc3 Qe7 7. b3 d5 8. d4
Bf5 9. dxe5 Ne4 10. Qb2 O-O-O 11. a3 Nc5 12. b4 Na4 13. Qb3 Nb6 14. c5 Nc4 15.
Bb2 N4xe5 16. Nxe5 Nxe5 17. Be2 Nc6 18. O-O h5 19. b5 Na5 20. Qa4 b6 21. Bc3
Qe4 22. Qb4 Bg4 23. Bd1 Bxd1 24. Rfxd1 Nc4 25. a4 Rh6 26. a5 bxa5 27. Rxa5 Nxa5
28. Qxa5 Kd7 29. Qxa7 h4 30. c6+ Ke8 31. Qxc7 Qc2 32. Qe5+ Re6 33. Qd4 Re4 34.
Qd3 Qxd3 35. Rxd3 Rc4 36. h3 Rb8 37. Bxg7 Rxb5 38. Rc3 Rbc5 39. Rd3 Ke7 40. Be5
Ke6 41. Bf4 Rxc6 42. g4 f6 43. Kg2 Rc3 44. Rxc3 Rxc3 45. Bh6 Kf7 46. Bf4 Rc6
47. Kf3 Kg6 48. Kg2 f5 49. Kf3 Rc4 50. gxf5+ Kxf5 51. Bb8 Rc1 52. Ba7 Ra1 53.
Bd4 Rg1 54. Bh8 Rg8 55. Bd4 Rc8 56. Bg7 Rc1 57. Bd4 Rh1 58. Kg2 Rb1 59. Kf3 Rb7
60. Bc3 Rf7 61. Bd4 Kg5+ 62. Kg2 Kg6 63. Bc3 Rf5 64. Bd4 Rf8 65. Bc3 Kf5 66.
Kf3 Ke6+ 67. Kg2 Rf7 68. Bd4 Kd6 69. Bb6 Rf8 70. Bd4 Kc6 71. Kf1 Kb5 72. Ke2
Kc4 73. Bg7 Rf7 74. Bh6 Rf5 75. f4 Rf6 76. Bg5 Re6 77. Kf3 Re4 78. Bxh4 Kc5 79.
Bf6 Kd6 80. h4 Ke6 81. Be5 Kf5 82. h5 Ra4 83. h6 Kg6 84. Bg7 Re4 85. f5+ Kh7
86. Kf2 Rg4 87. Kf3 Re4 88. Kf2 Rg4 89. Ke2 Rg5 90. f6 Kg6 91. Kd3 Rg4 92. Bh8
Rh4 93. Bg7 1/2-1/2

[Event "Champions Showdown (rapid) 2019"]
[Site "Saint Louis USA"]
[Date "2019.02.22"]
[Round "12"]
[White "Nakamura, Hikaru"]
[Black "Duda, Jan-Krzysztof"]
[Result "1-0"]
[WhiteElo "2749"]
[BlackElo "2731"]
[PlyCount "65"]
[EventDate "2019.02.20"]

1. c4 e6 2. Nc3 Nf6 3. e4 d5 4. e5 d4 5. exf6 dxc3 6. bxc3 Qxf6 7. Nf3 b6 8. d4
Bb7 9. Bd3 Bxf3 10. Qxf3 Qxf3 11. gxf3 Nc6 12. Be3 Na5 13. Rb1 Be7 14. Ke2 f5
15. c5 g5 16. f4 g4 17. h3 gxh3 18. Rxh3 h5 19. d5 exd5 20. Bxf5 h4 21. Be6 c6
22. Bd4 Rf8 23. f5 Nb7 24. cxb6 axb6 25. Rxb6 Rxa2+ 26. Kf1 Nd8 27. Re3 h3 28.
Rxh3 c5 29. Be3 Nxe6 30. Rxe6 d4 31. Bg5 Rxf5 32. Rxe7+ Kf8 33. Rh8# 1-0

[Event "Champions Showdown (rapid) 2019"]
[Site "Saint Louis USA"]
[Date "2019.02.22"]
[Round "12"]
[White "So, Wesley"]
[Black "Navara, David"]
[Result "1-0"]
[WhiteElo "2765"]
[BlackElo "2738"]
[PlyCount "145"]
[EventDate "2019.02.20"]

1. e4 c6 2. d4 d5 3. e5 c5 4. Nf3 cxd4 5. Nxd4 Nc6 6. c4 e6 7. Nc3 Bc5 8. Nxc6
bxc6 9. Be2 Ne7 10. O-O Ng6 11. Na4 Be7 12. f4 O-O 13. Be3 f6 14. exf6 Bxf6 15.
Bd3 e5 16. Bxg6 hxg6 17. fxe5 Bxe5 18. Rxf8+ Kxf8 19. cxd5 Qxd5 20. Qxd5 cxd5
21. Rd1 Bb7 22. Bd4 Re8 23. Kf2 Bc6 24. Nc3 Bb8 25. Nxd5 Kf7 26. Ne3 Rd8 27.
Nc4 a6 28. Rd2 Bxh2 29. g3 Kg8 30. Bc5 Rc8 31. Be7 Rc7 32. Ne5 Bh1 33. Bg5 Kh7
34. Rd7 Rc2+ 35. Bd2 Rc8 36. Nf7 Kg8 37. Rd8+ Rxd8 38. Nxd8 Bd5 39. Bb4 g5 40.
a4 Kh7 41. Bd6 Kg6 42. b4 Kf6 43. b5 axb5 44. axb5 Kf5 45. g4+ Kxg4 46. Bxh2
Kh3 47. Bg3 Kg4 48. b6 Kf5 49. Ke3 g4 50. Kd4 Bf3 51. b7 Bxb7 52. Nxb7 Ke6 53.
Ke4 g6 54. Nc5+ Kf6 55. Kf4 g5+ 56. Kxg4 Kg6 57. Be5 Kf7 58. Kxg5 Ke7 59. Kg6
Kd8 60. Kf7 Kc8 61. Ke6 Kd8 62. Kd6 Kc8 63. Bf4 Kb8 64. Kd7+ Ka8 65. Kc6 Ka7
66. Nd7 Ka8 67. Nb6+ Ka7 68. Be5 Ka6 69. Bb8 Ka5 70. Nd5 Ka4 71. Kc5 Kb3 72.
Nb4 Kc3 73. Bf4 1-0

[Event "Champions Showdown (rapid) 2019"]
[Site "Saint Louis USA"]
[Date "2019.02.22"]
[Round "12"]
[White "Shankland, Samuel"]
[Black "Rapport, Richard"]
[Result "0-1"]
[WhiteElo "2731"]
[BlackElo "2735"]
[PlyCount "88"]
[EventDate "2019.02.20"]

1. d4 e6 2. Nf3 Nf6 3. c4 b6 4. g3 Bb7 5. Bg2 Bb4+ 6. Bd2 a5 7. O-O O-O 8. b3
c5 9. Bf4 cxd4 10. Qxd4 d5 11. Ne5 Ne4 12. cxd5 exd5 13. Nd3 Be7 14. Qe3 Nd7
15. Nd2 Bf6 16. Nxe4 dxe4 17. Rac1 Re8 18. Bc7 exd3 19. Bxd8 Rxe3 20. Bxb7 Rxd8
21. fxe3 Nc5 22. Rxc5 bxc5 23. exd3 Rxd3 24. e4 Bd4+ 25. Kh1 Kf8 26. Bd5 f6 27.
a4 Rd2 28. Bc4 h5 29. Re1 g5 30. h3 Rc2 31. Rf1 Ke7 32. h4 gxh4 33. gxh4 Be5
34. Rf5 Rh2+ 35. Kg1 Rxh4 36. Be2 Rxe4 37. Bxh5 Ke6 38. Rf1 f5 39. Be8 Bd4+ 40.
Kg2 Re2+ 41. Kg3 Be5+ 42. Kh4 Kf6 43. Rf3 Bd4 44. Kh3 Rxe8 0-1

[Event "Aeroflot Open A 2019"]
[Site "Moscow RUS"]
[Date "2019.02.22"]
[Round "3"]
[White "Wei, Yi"]
[Black "Lupulescu, Constantin"]
[Result "1/2-1/2"]
[WhiteElo "2733"]
[BlackElo "2610"]
[PlyCount "124"]
[EventDate "2019.02.20"]

1. e4 c6 2. d4 d5 3. e5 c5 4. dxc5 e6 5. Nf3 Bxc5 6. a3 Ne7 7. b4 Bb6 8. Bb2 a5
9. Nbd2 axb4 10. axb4 Rxa1 11. Qxa1 O-O 12. Bd3 Na6 13. Qa3 Ng6 14. O-O Nf4 15.
Rb1 Nxd3 16. Qxd3 Qe7 17. Qb3 Bd7 18. c4 Rc8 19. Ba3 Qe8 20. c5 Bd8 21. Nd4 Be7
22. Qd3 Ra8 23. N2b3 Nc7 24. Bc1 Nb5 25. h3 h6 26. Bd2 Ra3 27. Nc2 Ra8 28. Na5
Qb8 29. Nd4 Nxd4 30. Qxd4 Bd8 31. Nc4 dxc4 32. Qxd7 Bc7 33. Qd4 Qd8 34. Qxd8+
Rxd8 35. Bc3 b5 36. cxb6 Bxb6 37. Kf1 Rd3 38. Rc1 Kh7 39. Ke2 g5 40. Bd2 Rd5
41. Be3 Rxe5 42. Rxc4 f5 43. Kd3 Bxe3 44. fxe3 Kg6 45. Rc3 f4 46. exf4 gxf4 47.
Rb3 Re3+ 48. Kc4 Re2 49. b5 Rxg2 50. b6 Rc2+ 51. Kd4 Rc8 52. Ke5 Kg5 53. Kd6
Kh4 54. Rf3 Kg5 55. Rb3 Kh4 56. Rf3 Kg5 57. Ra3 Kh4 58. b7 Rb8 59. Kc7 Rh8 60.
Kc6 Rb8 61. Kc7 Rh8 62. Kc6 Rb8 1/2-1/2

[Event "Aeroflot Open A 2019"]
[Site "Moscow RUS"]
[Date "2019.02.22"]
[Round "3"]
[White "Fedoseev, Vladimir3"]
[Black "Idani, Pouya"]
[Result "1-0"]
[WhiteElo "2715"]
[BlackElo "2604"]
[PlyCount "99"]
[EventDate "2019.02.20"]

1. d4 d5 2. Nf3 Nf6 3. e3 e6 4. b3 b6 5. Bb5+ c6 6. Bd3 Bd6 7. Nbd2 Nbd7 8. Bb2
Qc7 9. c4 O-O 10. O-O Bb7 11. Re1 Rfe8 12. Rc1 Rad8 13. Qc2 h6 14. a3 a5 15.
cxd5 exd5 16. g3 Qb8 17. Nh4 Nf8 18. Nf5 Ne6 19. e4 dxe4 20. Nxe4 Nxe4 21. Bxe4
c5 22. Nxd6 Rxd6 23. dxc5 bxc5 24. Be5 Nd4 25. Bxd6 Nxc2 26. Bxb8 Nxe1 27. Bxb7
Nd3 28. Rc3 Rxb8 29. Bd5 c4 30. Rxc4 Rd8 31. Be4 Kf8 32. Rc3 Nb2 33. a4 Rd2 34.
Bc2 Nd1 35. Rc8+ Ke7 36. Kf1 Kd7 37. Ke1 Rd5 38. Rc4 Nb2 39. Rc3 Kd6 40. Ke2 g6
41. g4 h5 42. gxh5 Rxh5 43. Kd2 Rxh2 44. Rf3 f5 45. Kc3 Nxa4+ 46. bxa4 Ke5 47.
Kd2 Kd4 48. Ke2 Rh1 49. Rd3+ Kc4 50. Rg3 1-0

[Event "Aeroflot Open A 2019"]
[Site "Moscow RUS"]
[Date "2019.02.22"]
[Round "3"]
[White "Esipenko, Andrey"]
[Black "Wang, Hao"]
[Result "1/2-1/2"]
[WhiteElo "2603"]
[BlackElo "2714"]
[PlyCount "78"]
[EventDate "2019.02.20"]

1. d4 Nf6 2. Nf3 e6 3. c4 Bb4+ 4. Nbd2 O-O 5. a3 Be7 6. e4 d6 7. Be2 Nfd7 8. b4
e5 9. d5 a5 10. Bb2 c5 11. dxc6 Nxc6 12. Bc3 Qc7 13. O-O Nb6 14. Qb3 Be6 15.
Rab1 axb4 16. axb4 Rfc8 17. Rfc1 Bf6 18. Ra1 Qd8 19. h3 g6 20. Bb2 Bg7 21. Rd1
Rxa1 22. Rxa1 Bf6 23. Rd1 Nd7 24. Bc3 Nd4 25. Bxd4 exd4 26. Rc1 Qb6 27. Bd3 Ne5
28. Nxe5 dxe5 29. Qb2 Be7 30. Rb1 Qa6 31. Ra1 Qb6 32. Rb1 Qc6 33. Ra1 b6 34. c5
Qc7 35. Nc4 bxc5 36. b5 Rb8 37. Ra6 Bc8 38. Ra1 Be6 39. Ra6 Bc8 1/2-1/2